<?xml version="1.0" encoding="UTF-8"?><marc:collection xmlns:marc="http://www.loc.gov/MARC21/slim">
  <marc:record>
    <marc:leader>00000nam  2200000za 4500</marc:leader>
    <marc:controlfield tag="001">9.855993</marc:controlfield>
    <marc:controlfield tag="003">CaOODSP</marc:controlfield>
    <marc:controlfield tag="005">20221107155432</marc:controlfield>
    <marc:controlfield tag="007">cr |||||||||||</marc:controlfield>
    <marc:controlfield tag="008">180430s2018    onc     ob   f000 0 fre d</marc:controlfield>
    <marc:datafield tag="020" ind1=" " ind2=" ">
      <marc:subfield code="a">9780660264394</marc:subfield>
    </marc:datafield>
    <marc:datafield tag="040" ind1=" " ind2=" ">
      <marc:subfield code="a">CaOODSP</marc:subfield>
      <marc:subfield code="b">fre</marc:subfield>
    </marc:datafield>
    <marc:datafield tag="043" ind1=" " ind2=" ">
      <marc:subfield code="a">n-cn---</marc:subfield>
    </marc:datafield>
    <marc:datafield tag="086" ind1="1" ind2=" ">
      <marc:subfield code="a">HP40-213/2018F-PDF</marc:subfield>
    </marc:datafield>
    <marc:datafield tag="245" ind1="0" ind2="0">
      <marc:subfield code="a">Revue de la littérature du CCNI sur l’efficacité comparative et l’immunogénicité du vaccin antigrippal inactivé sous unitaire et du vaccin antigrippal inactivé à virion fragmenté chez les adultes âgés de 65 ans et plus </marc:subfield>
      <marc:subfield code="h">[ressource électronique].</marc:subfield>
    </marc:datafield>
    <marc:datafield tag="246" ind1="1" ind2=" ">
      <marc:subfield code="i">En tête du titre : </marc:subfield>
      <marc:subfield code="a">Déclaration d’un comité consultatif (DCC), Comité consultatif national de l’immunisation (CCNI)</marc:subfield>
    </marc:datafield>
    <marc:datafield tag="260" ind1=" " ind2=" ">
      <marc:subfield code="a">[Ottawa] : </marc:subfield>
      <marc:subfield code="b">Agence de la santé publique du Canada, </marc:subfield>
      <marc:subfield code="c">2018.</marc:subfield>
    </marc:datafield>
    <marc:datafield tag="300" ind1=" " ind2=" ">
      <marc:subfield code="a">33 p.</marc:subfield>
    </marc:datafield>
    <marc:datafield tag="500" ind1=" " ind2=" ">
      <marc:subfield code="a">Publ. aussi en anglais sous le titre : NACI literature review on the comparative effectiveness and immunogenicity of subunit and split virus inactivated influenza vaccines in adults 65 years of age and older.</marc:subfield>
    </marc:datafield>
    <marc:datafield tag="500" ind1=" " ind2=" ">
      <marc:subfield code="a">Titre de la couv.</marc:subfield>
    </marc:datafield>
    <marc:datafield tag="500" ind1=" " ind2=" ">
      <marc:subfield code="a">« Date de publication : mai 2018. »</marc:subfield>
    </marc:datafield>
    <marc:datafield tag="500" ind1=" " ind2=" ">
      <marc:subfield code="a">Préparée par : K. Young ... [et al.]. Cf. Remerciements.</marc:subfield>
    </marc:datafield>
    <marc:datafield tag="504" ind1=" " ind2=" ">
      <marc:subfield code="a">Comprend des références bibliographiques (p. 14-16).</marc:subfield>
    </marc:datafield>
    <marc:datafield tag="520" ind1=" " ind2=" ">
      <marc:subfield code="a">« Le vaccin antigrippal inactivé sous-unitaire et le vaccin antigrippal inactivé à virion fragmenté sont deux types communs de vaccins antigrippaux saisonniers, et continuent de dominer le marché au Canada. Même si ces deux formulations de vaccin antigrippal sont disponibles depuis plusieurs décennies, le CCNI n’a encore jamais réalisé de revue de la littérature pour étudier l’efficacité comparative des vaccins de ces différentes formulations. Une différence dans l’efficacité du vaccin entre ces formulations serait particulièrement importante pour les personnes âgées (de 65 ans ou plus), étant donné qu’il est prouvé que les personnes âgées sont plus susceptibles de développer une maladie grave causée par l’influenza et que les vaccins sont moins efficaces sur ces dernières que chez les jeunes adultes. Pour aborder cette différence, le CCNI a procédé à une revue de la littérature pour évaluer l’efficacité et l’immunogénicité d’une dose standard de vaccin antigrippal inactivé sous-unitaire sans adjuvant comparativement à une dose standard de vaccin à virion fragmenté sans adjuvant chez les adultes âgés de 65 ans et plus » -- Sommaire, p. 3.</marc:subfield>
    </marc:datafield>
    <marc:datafield tag="692" ind1="0" ind2="7">
      <marc:subfield code="2">gccst</marc:subfield>
      <marc:subfield code="a">Aîné</marc:subfield>
    </marc:datafield>
    <marc:datafield tag="692" ind1="0" ind2="7">
      <marc:subfield code="2">gccst</marc:subfield>
      <marc:subfield code="a">Immunisation</marc:subfield>
    </marc:datafield>
    <marc:datafield tag="692" ind1="0" ind2="7">
      <marc:subfield code="2">gccst</marc:subfield>
      <marc:subfield code="a">Grippe</marc:subfield>
    </marc:datafield>
    <marc:datafield tag="710" ind1="1" ind2=" ">
      <marc:subfield code="a">Canada. </marc:subfield>
      <marc:subfield code="b">Comité consultatif national de l'immunisation.</marc:subfield>
    </marc:datafield>
    <marc:datafield tag="710" ind1="2" ind2=" ">
      <marc:subfield code="a">Agence de santé publique du Canada.</marc:subfield>
    </marc:datafield>
    <marc:datafield tag="775" ind1="0" ind2="8">
      <marc:subfield code="t">NACI literature review on the comparative effectiveness and immunogenicity of subunit and split virus inactivated influenza vaccines in adults 65 years of age and older </marc:subfield>
      <marc:subfield code="w">(CaOODSP)9.855992</marc:subfield>
    </marc:datafield>
    <marc:datafield tag="856" ind1="4" ind2="0">
      <marc:subfield code="q">PDF</marc:subfield>
      <marc:subfield code="s">1.44 Mo</marc:subfield>
      <marc:subfield code="u">https://publications.gc.ca/collections/collection_2018/aspc-phac/HP40-213-2018-fra.pdf</marc:subfield>
    </marc:datafield>
    <marc:datafield tag="986" ind1=" " ind2=" ">
      <marc:subfield code="a">180040</marc:subfield>
    </marc:datafield>
  </marc:record>
</marc:collection>
